Регионална библиотека "Любен Каравелов" - Русе

Основи на патофизиологията (Запис номер 131152)

MARC детайли
000 -Лидер
Контролно поле с фиксирана дължина 01745nam a2200361 c 4500
003 - Код на организацията, давaща контролен номер
Контролно поле BLK
005 - Дата и час на последна редакция
Контролно поле 20230112153026.0
008 - Елементи от данни с фиксирана дължина
fixed length control field 180409b bul|||||r ||||||| ||bul||
010 ## - Наследен системен номер
LC control number KNG00136955000
020 ## - Международен стандартен номер на книга ISBN
Международен стандартен номер на книга ISBN 978-954-9666-56-4
-- издат.: Мед. изд. Райков
040 ## - Източник на каталожния запис
Идентификатор на билиотеката - собственик на записа BLK
041 ## - Код за език
Код за езика на текст/звукозапис или на отделно заглавие Български
Код за езика КДБФ Български
072 #7 - Код за тематичната категория
Код организация bullib
Код за тематична категория Н61
Текст Медицина Н
080 ## - УДК
Текстов определител УДК Патологична физиология. Патогенеза. Учение за развитие на болестния процес. Експериментална патологи
УДК код - определител по УДК 616-092
УДК определител (075.8)
УДК - код + определител 616-092(075.8)
100 1# - Редна дума - Автор
Автор Андонов, Владимир Николов
Авторска отговорност първи автор
R(LIN) 322610
139 ## - Редно поле
Редна дума Основи на патофизиологията
Авторски знак Осн - О 83
245 10 - Сведения за заглавието
Заглавие Основи на патофизиологията
Подзаглавни данни Учебник за студенти по медицина
Редно поле (дума) Владимир Николов Андонов; под ред. на Александър Георгиев Стойнев; под ред. на Димитър Христов Илучев.
257 ## - Страна на издаване
Страна на създаване/издаване България
260 ## - Област на издателските данни
-- Пловдив
Име на издателя, разпространителя и проч. Мед. изд. Райков
Година на издаване 2010
300 ## - Физическа характеристика
Страници 709 с.
Илюстрации и др. с ил.
Размери/Мащаб 24 см
380 ## - Жанр
Жанр Медицина
650 #4 - Допълнително описание по предмет – тема
Основно описание – тема или топоним Патологична физиология
9 (RLIN) 279020
653 ## - Ключова дума – ненормативна
Ключова дума патофизиология
653 ## - Ключова дума – ненормативна
Ключова дума учебници за ВУЗ
659 ## - Тематичен бюлетин
Тематичен бюлетин Н
700 1# - Други автори (авторска отговорност)
Лично име Стойнев, Александър Георгиев
Автороска отговорност (Описва отношението между автора и произведението) под ред. на
9 (RLIN) 378202
700 1# - Други автори (авторска отговорност)
Лично име Илучев, Димитър Христов
Автороска отговорност (Описва отношението между автора и произведението) под ред. на
9 (RLIN) 72836
852 ## - Местоположение
Форматна сигнатура Цб 257350
856 4# - Електронен адрес и достъп
Електронен формат pdf - файл
Път до файла /url/
856 4# - Електронен адрес и достъп
Електронен формат pdf - файл
Път до файла /url/
942 ## - АРТИКУЛИ
Вид на библиотечния материал Книги
Скрит в OPAC Не
Koha issues (borrowed), all copies 3
944 ## - СЪЗДАВАНЕ И РЕДАКЦИЯ на ЗАПИСА
Създаване/Редакция Създаване
Дата на регистрацията/редакция 15.01.2003
Статус, дата на статуса ф /
Служител, извършил регистрацията/редакцията Геновева_Генчева
944 ## - СЪЗДАВАНЕ И РЕДАКЦИЯ на ЗАПИСА
Създаване/Редакция Редакция
Дата на регистрацията/редакция 15.01.2013
Статус, дата на статуса ф /
Служител, извършил регистрацията/редакцията
999 ## - СИСТЕМНИ КОНТРОЛНИ НОМЕРА
Koha biblionumber 131152
Koha biblioitemnumber 131152
Наличности
Код за отписване Код за изгубен артикул Код за повреда Коз за рестрикции Код за отдаване Артикулен № Име на библиотеката - собственик Име на библиотеката, в която се намира в момента Статус (Текущо местоположение) Дата на вписване в системата Местоположение - отдел Цена в лева Инвентарен номер Систематично азбучна сигнатура Баркод Номер на екземпляра Цена в евро Служебна бележка Служебен тип на артикула
  Не е изгубен Не е повреден без рестрикции ползва се в читалня 213795 Регионална библиотека "Любен Каравелов" Русе Регионална библиотека "Любен Каравелов" Русе Читалня 2012-11-28 Читалня 34.00 120000762024 Ч 616/О 83 120000762024 1 17.38 Дост: Pk Вид: Ф N: 324 Дата: 19.11.2012 Дата инв: 20.03.2017 Бележки инв: Ч2017 Книги
Vip Innovations Ltd, Rousse, Bulgaria 2025